The East Africa law reports 1966 / (Record no. 1778)

MARC details
000 -LEADER
fixed length control field 008750000a22002170004500
001 - CONTROL NUMBER
control field 002695
003 - CONTROL NUMBER IDENTIFIER
control field OSt
005 - DATE AND TIME OF LATEST TRANSACTION
control field 20120614143327.0
008 - FIXED-LENGTH DATA ELEMENTS--GENERAL INFORMATION
fixed length control field 110511t xxu||||| |||| 00| 0 eng d
022 ## - INTERNATIONAL STANDARD SERIAL NUMBER
International Standard Serial Number 16844874
040 ## - CATALOGING SOURCE
Original cataloging agency Purchase
082 ## - DEWEY DECIMAL CLASSIFICATION NUMBER
Classification number 348.042 EAS
245 ## - TITLE STATEMENT
Title The East Africa law reports 1966 /
260 ## - PUBLICATION, DISTRIBUTION, ETC. (IMPRINT)
Name of publisher, distributor, etc Law Africa
Date of publication, distribution, etc c2002
650 ## - SUBJECT ADDED ENTRY--TOPICAL TERM
Topical term or geographic name as entry element cases
-- East Africa
-- laws
-- reports
9 (RLIN) 3919
653 ## - INDEX TERM--UNCONTROLLED
Uncontrolled term Law
942 ## - ADDED ENTRY ELEMENTS (KOHA)
Koha item type Law Reports
Source of classification or shelving scheme Dewey Decimal Classification
Holdings
Withdrawn status Lost status Source of classification or shelving scheme Damaged status Not for loan Home library Current library Shelving location Date acquired Total Checkouts Full call number Barcode Date last seen Date checked out Price effective from Koha item type
    Dewey Decimal Classification     Law Development Centre Main Library Law Development Centre Main Library Law Reports 05/11/2011 2 348.042 EAS 2011/1036 03/06/2012 02/07/2012 05/11/2011 Law Reports
    Dewey Decimal Classification     Law Development Centre Main Library Law Development Centre Main Library Law Reports 05/11/2011 2 348.042 EAS 2011/1037 06/14/2012 06/14/2012 05/11/2011 Law Reports
    Dewey Decimal Classification     Law Development Centre Main Library Law Development Centre Main Library Law Reports 05/11/2011   348.042 EAS 2011/1038 05/11/2011   05/11/2011 Law Reports